Singer and Friedlander Ltd v John D Wood and Co. (Record no. 82485)

MARC details
000 -LEADER
fixed length control field 00783cab a22001935a 4500
001 - CONTROL NUMBER
control field L150378
008 - FIXED-LENGTH DATA ELEMENTS--GENERAL INFORMATION
fixed length control field 100707e1977 xxk 000 0 eng d
035 ## - SYSTEM CONTROL NUMBER
System control number (Sirsi) u150378
041 0# - LANGUAGE CODE
Language code of text/sound track or separate title eng
245 00 - TITLE STATEMENT
Title Singer and Friedlander Ltd v John D Wood and Co.
260 ## - PUBLICATION, DISTRIBUTION, ETC.
Date of publication, distribution, etc. 1977
490 ## - SERIES STATEMENT
Series statement Estates Gazette
Volume/sequential designation [1977] 243 EG 212
520 ## - SUMMARY, ETC.
Summary, etc. QBD 3 June 1977. Concerned with alleged negligent valuation of development land. Observations on valuer's duty and on factors and actions in valuting land. Set down principle of margin of error of between 1-% and 15%. "Held" claim allowed.
590 ## - LOCAL NOTE (RLIN)
Local note KA
651 #4 - SUBJECT ADDED ENTRY--GEOGRAPHIC NAME
Geographic name United Kingdom
Chronological subdivision
690 ## - LOCAL SUBJECT ADDED ENTRY--TOPICAL TERM (OCLC, RLIN)
Topical term or geographic name as entry element PROPERTY-PROPERTY APPRAISAL AND VALUATION
690 ## - LOCAL SUBJECT ADDED ENTRY--TOPICAL TERM (OCLC, RLIN)
Topical term or geographic name as entry element MANAGEMENT-BUSINESS MANAGEMENT-PROFESSIONAL PRACTICE-NEGLIGENCE
942 ## - ADDED ENTRY ELEMENTS (KOHA)
Suppress in OPAC 0
Holdings
Withdrawn status Lost status Source of classification or shelving scheme Damaged status Not for loan Home library Current library Shelving location Date acquired Total Checkouts Full call number Barcode Date last seen Copy number Price effective from Koha item type
    Dewey Decimal Classification     London London Journal article 07/07/2010   L150378 150378-1001 06/08/2019 1 06/08/2019 Law report